000 01192nam a2200349 c 4500
001 60676
003 CO-BoRNBP
005 20260316162802.0
007 ta
008 210825s2013 ck a er 000 0 spa d
020 _a9789588695518
040 _aCO-BoRNBP
_bspa
_erda
_cCO-BoRNBP
041 0 _aspa
043 _as-ck---
082 0 4 _a796.42
_bJ17m
_223
084 _a2018
100 1 0 _aJaramillo Rodriguez, Clareth Antonio
_eaut
_969438
245 1 0 _aMetodología para el aprendizaje del atletismo :
_bpruebas de pista y marcha atlética /
_cClareth Antonio Jaramillo Rodríguez.
250 _aPrimera edición
264 1 _aArmenia, Colombia :
_bEditorial Kinesis,
_c2013
300 _a93 páginas :
_bilustraciones en blanco y negro
336 _atexto
_btxt
_2rdacontent
337 _asin mediación
_bn
_2rdamedia
338 _avolumen
_bnc
_2rdacarrier
490 0 _aColección deporte formativo
504 _aIncluye referencias bibliográficas
521 _aRecomendado para un público adulto
545 _aIncluye datos biográficos del autor al final del texto
650 1 7 _aAtletismo
_2lemb
_969439
650 1 7 _aAtletismo
_vReglamentos
_2lemb
_969440
942 _2ddc
_cBK
999 _c60676
_d60676